[Event "Titled Tuesday intern op 01st Aug Late"]
[Site "Chess.com INT"]
[Date "2023.08.01"]
[Round "5"]
[White "Schnaider, Ilan"]
[Black "Lima, Kleyton Alcantara"]
[Result "1-0"]
[WhiteElo "2220"]
[BlackElo "2108"]
[PlyCount "97"]
[EventDate "2023.08.01"]
[EventType "swiss (blitz)"]
[EventRounds "11"]
[EventCountry "USA"]
[SourceTitle "EXT 2024"]
[Source "ChessBase"]
[SourceDate "2023.10.10"]
[SourceVersion "1"]
[SourceVersionDate "2023.10.10"]
[SourceQuality "1"]

1. e4 c5 2. Nf3 d6 3. Bb5+ Bd7 4. Bxd7+ Nxd7 5. 0-0 Ngf6 6. Re1 a6 7. c3 e6 8. d4 Be7 9. Bf4 0-0 10. Nbd2 b5 11. Rc1 Rc8 12. Qe2 Qa5 13. a3 cxd4 14. cxd4 Qb6 15. h3 Qb7 16. Bh2 Nb6 17. e5 dxe5 18. dxe5 Nfd5 19. Ne4 Rxc1 20. Rxc1 Rc8 21. Rd1 Nc4 22. Nd6 Bxd6 23. exd6 Qd7 24. Ne5 Nxe5 25. Bxe5 Nb6 26. b3 f6 27. Bg3 e5 28. f4 exf4 29. Bxf4 Qf7 30. Qg4 Nd7 31. Re1 Re8 32. Rc1 h5 33. Qf5 g6 34. Qd3 g5 35. Bg3 h4 36. Bf2 Qh7 37. Qxh7+ Kxh7 38. Rc7 Rd8 39. Ra7 Kg6 40. Rxa6 Ne5 41. Bc5 Nd3 42. b4 Re8 43. Ra7 Re1+ 44. Kh2 Rd1 45. Bb6 Ne5 46. Bc5 Rd2 47. Kg1 Nd3 48. Kf1 Rf2+ 49. Bxf2 1-0

[Event "Titled Tuesday intern op 18th Jul Late"]
[Site "Chess.com INT"]
[Date "2023.07.18"]
[Round "2"]
[White "Rastbod, Ali"]
[Black "Lima, Kleyton Alcantara"]
[Result "1-0"]
[WhiteElo "2256"]
[BlackElo "2108"]
[PlyCount "99"]
[EventDate "2023.07.18"]
[EventType "swiss (blitz)"]
[EventRounds "11"]
[EventCountry "USA"]
[SourceTitle "EXT 2024"]
[Source "ChessBase"]
[SourceDate "2023.10.10"]
[SourceVersion "1"]
[SourceVersionDate "2023.10.10"]
[SourceQuality "1"]

1. Nf3 c5 2. b3 Nf6 3. Bb2 g6 4. c4 Bg7 5. g3 b6 6. Bg2 Bb7 7. 0-0 0-0 8. d4 cxd4 9. Qxd4 d6 10. Nc3 Nbd7 11. Rac1 Rc8 12. Rfd1 a6 13. Qh4 Nc5 14. Nd5 Bxd5 15. cxd5 h6 16. Qf4 Qd7 17. Nd4 e5 18. dxe6 Nxe6 19. Qd2 Nxd4 20. Bxd4 Rxc1 21. Rxc1 Rc8 22. Rxc8+ Qxc8 23. Bxb6 d5 24. Bd4 Qc7 25. b4 h5 26. a4 Qc4 27. Bxf6 Bxf6 28. Bxd5 Qc7 29. Kg2 Qd7 30. Qd3 Kg7 31. a5 Qd6 32. b5 axb5 33. Qxb5 h4 34. a6 Bd4 35. e3 Bb6 36. Qc4 Qd7 37. gxh4 Ba7 38. Bf3 Qe7 39. Qg4 Kh7 40. h5 Bb8 41. hxg6+ fxg6 42. Be4 Qd6 43. Qxg6+ Qxg6+ 44. Bxg6+ Kxg6 45. h4 Kh5 46. Kh3 Ba7 47. Kg3 Bb8+ 48. f4 Ba7 49. e4 Bb8 50. e5 1-0

[Event "Titled Tuesday intern op 13th Jun Early"]
[Site "Chess.com INT"]
[Date "2023.06.13"]
[Round "3"]
[White "Eugene, Floryan"]
[Black "Lima, Kleyton Alcantara"]
[Result "1/2-1/2"]
[WhiteElo "2380"]
[BlackElo "2108"]
[PlyCount "121"]
[EventDate "2023.06.13"]
[EventType "swiss (blitz)"]
[EventRounds "11"]
[EventCountry "USA"]
[SourceTitle "EXT 2024"]
[Source "ChessBase"]
[SourceDate "2023.10.10"]
[SourceVersion "1"]
[SourceVersionDate "2023.10.10"]
[SourceQuality "1"]

1. d4 Nf6 2. c4 g6 3. Nf3 Bg7 4. Nc3 d5 5. Bg5 Ne4 6. Bh4 Nxc3 7. bxc3 dxc4 8. e3 b5 9. Qb1 c6 10. a4 Bd7 11. Be2 0-0 12. Qe4 Bf6 13. Bxf6 exf6 14. axb5 Bf5 15. Qh4 cxb5 16. e4 Be6 17. 0-0 Kg7 18. Rfb1 Qd7 19. d5 Bg4 20. e5 f5 21. h3 Bxf3 22. Bxf3 a6 23. Qf6+ Kg8 24. h4 Qd8 25. Qxd8 Rxd8 26. Rxb5 axb5 27. Rxa8 Nc6 28. Rxd8+ Nxd8 29. Kf1 Kf8 30. d6 f6 31. exf6 Kf7 32. Bd5+ Kxf6 33. f4 Nf7 34. d7 Nd8 35. Ke2 Ke7 36. Bg8 h6 37. Bh7 Ne6 38. g3 Nf8 39. Bg8 Kxd7 40. Ke3 Kd6 41. Bf7 Kc5 42. h5 gxh5 43. Bxh5 b4 44. cxb4+ Kxb4 45. Kd2 Kb3 46. Bf7 Nd7 47. Be6 Nc5 48. Bxf5 Kb2 49. g4 c3+ 50. Kd1 Ne6 51. g5 hxg5 52. fxg5 Nxg5 53. Ke2 Nf7 54. Bg6 Nd6 55. Bh7 Nc4 56. Kd1 Nd6 57. Ke2 Kc1 58. Bg6 Nc4 59. Bh7 Kb2 60. Bg6 Nd6 61. Bh7 1/2-1/2

[Event "Titled Tuesday intern op 06th Jun Late"]
[Site "Chess.com INT"]
[Date "2023.06.06"]
[Round "4"]
[White "Bjelobrk, Igor"]
[Black "Lima, Kleyton Alcantara"]
[Result "1/2-1/2"]
[WhiteElo "2403"]
[BlackElo "2108"]
[PlyCount "86"]
[EventDate "2023.06.06"]
[EventType "swiss (blitz)"]
[EventRounds "11"]
[EventCountry "USA"]
[SourceTitle "EXT 2024"]
[Source "ChessBase"]
[SourceDate "2023.10.10"]
[SourceVersion "1"]
[SourceVersionDate "2023.10.10"]
[SourceQuality "1"]

1. d4 Nf6 2. c4 g6 3. Nc3 d5 4. Nf3 Bg7 5. h4 c6 6. cxd5 cxd5 7. Bf4 Nc6 8. e3 0-0 9. Ne5 Nxe5 10. Bxe5 Ne4 11. Bxg7 Nxc3 12. bxc3 Kxg7 13. h5 Bf5 14. Qd2 Rc8 15. Rc1 Qd6 16. f3 a6 17. g4 Qg3+ 18. Qf2 Qxf2+ 19. Kxf2 Bd7 20. h6+ Kf6 21. Bd3 Rc7 22. c4 Rfc8 23. c5 b6 24. cxb6 Rxc1 25. Rxc1 Rxc1 26. b7 Rc8 27. bxc8Q Bxc8 28. f4 Ke6 29. g5 Kd6 30. Ke2 f5 31. Kd2 Kc6 32. Kc3 Kb6 33. Kb4 Bd7 34. Bc2 a5+ 35. Ka3 e6 36. Ba4 Bb5 37. Bxb5 Kxb5 38. Kb3 Ka6 39. a4 Kb6 40. Kc3 Kc6 41. Kb3 Kb6 42. Kc3 Kc6 43. Kb3 Kb6 1/2-1/2